| 000 | 00388nam a2200145Ia 4500 | ||
|---|---|---|---|
| 005 | 20251222143157.0 | ||
| 008 | 251222s9999||||xx |||||||||||||| ||spa|| | ||
| 020 | _a9788477217558 | ||
| 082 | _a621/S22/V.I | ||
| 100 | _aSanchís Sabater, Antonio | ||
| 245 | 0 | _aFundamentos Físicos para Ingenieros | |
| 250 | _a1ra. ed. | ||
| 264 | _bUniversidad Politécnica de Valencia | ||
| 942 | _cLIB | ||
| 999 |
_c12933 _d12933 |
||